Nezralé bobule angreštu
Saved in:
| Main Author | |
|---|---|
| Format | Electronic eBook |
| Language | Czech |
| Published |
Pistorius & Olšanská
2020
|
| Edition | 1. elektronické vydání |
| Subjects | |
| Online Access | Dostupné v BOOKPORT po přihlášení pomocí eduID |
| ISBN | 978-80-7579-100-9 978-80-7579-098-9 978-80-7579-082-8 |
| Physical Description | 1 online zdroj (160 stran) |
| LEADER | 00000nam a2200000 i 4500 | ||
|---|---|---|---|
| 001 | bkp785676780 | ||
| 003 | CZ-prgp | ||
| 005 | 20210728105849.0 | ||
| 006 | m o d | ||
| 007 | cr cn | ||
| 008 | 210728s2020 xr o 000 1 cze | ||
| 020 | |a 978-80-7579-100-9 |c 139 Kč |q (online ; pdf) | ||
| 020 | |a 978-80-7579-098-9 |c 139 Kč |q (online ; epub) | ||
| 020 | |a 978-80-7579-082-8 |c 189 Kč |q (print) | ||
| 040 | |a Grada |b cze |e rda | ||
| 100 | 1 | |a Petruševská, Ljudmila | |
| 245 | 1 | 0 | |a Nezralé bobule angreštu |c Ljudmila Petruševská |
| 250 | |a 1. elektronické vydání | ||
| 264 | 1 | |b Pistorius & Olšanská |c 2020 | |
| 300 | |a 1 online zdroj (160 stran) | ||
| 336 | |a text |b txt |2 rdacontent | ||
| 337 | |a počítač |b c |2 rdamedia | ||
| 338 | |a online zdroj |b cr |2 rdacarrier | ||
| 520 | 3 | |a Čtyři autobiografické prózy Ljudmily Petruševské ukazují drsný obraz dospívání v Rusku během druhé světové války a těsně po ní. Hrdinka povídek, zanedbávaná holčička, se protlouká světem, v němž vládne hrubá síla a zákon smečky, nemá skutečný domov a touží po mamince, která ji nadlouho opustila kvůli studiu v daleké Moskvě. Strasti a útrapy, jimiž prochází, se promítají na pozadí velkých dějin. Fyzická likvidace "nepřátel státu" během Velkého teroru, při němž byla zatčena a popravena značná část její rodiny, válečné zmatky, hladomor, žebrání, katastrofální nedostatek bytů, bezprizorná potulka, ale i neuhasitelná touha po svobodě - to vše je realitou dívčina dětství. Dospělý hlas autorčiných vzpomínek přitom prostupuje dětská imaginace a nepřízeň osudu se v jejím vyprávění setkává s lehkou ironií. Střízlivě psané povídky bez jakékoli sebelítosti a prostředkují nevšedně křehký a čistý pohled na nemilosrdnou dobu. Anglická verze nejdelšího textu této knihy, Holčička z hotelu Metropol, byla v roce 2017 nominována na National Book Critics Circle Award v kategorii autobiografie. | |
| 650 | 0 | 4 | |a Světová současná beletrie |
| 856 | 4 | 0 | |u https://www.bookport.cz/AccountSaml/SignIn/?idp=https://shibboleth.utb.cz/idp/shibboleth&returnUrl=/kniha/nezrale-bobule-angrestu-8054/ |y Dostupné v BOOKPORT po přihlášení pomocí eduID |